Nationalités les plus déportées à Auschwitz-Birkenau - Statistiques

Statistiques générales
  • Ce quiz a été pris 221 fois
  • Le résultat moyen est 7 sur 11
Statistiques - réponses
Hint Réponse % Correct
300 000 Pologne
99%
69 000 France
96%
7 500 Italie
81%
25 000 Belgique
75%
60 000 Pays-Bas
70%
426 000 Hongrie
68%
46 000 Bohème et Moravie
58%
27 000 Slovaquie
47%
55 000 Grèce
43%
10 000 Yougoslavie
35%
690 Norvège
33%
Aucun quiz correspondant
Distribution des résultats
% des personnes avec chaque résultat
Percentile par nombre de réponses
Votre historique - résultats
Vous n’avez pas pris ce quiz